<?xml version="1.0" encoding="UTF-8"?>
<collection xmlns="http://www.loc.gov/MARC21/slim">
  <record>
    <leader>00000nam  2200000   4500</leader>
    <controlfield tag="001">INLIS000000000020020</controlfield>
    <controlfield tag="005">20250514030501</controlfield>
    <datafield tag="035" ind1="#" ind2="#">
      <subfield code="a">0010-0525000103</subfield>
    </datafield>
    <controlfield tag="007">ta</controlfield>
    <controlfield tag="008">250514################g##########0#ind##</controlfield>
    <datafield tag="020" ind1="#" ind2="#">
      <subfield code="a">979 545 005 0</subfield>
    </datafield>
    <datafield tag="082" ind1="#" ind2="#">
      <subfield code="a">620.82</subfield>
    </datafield>
    <datafield tag="084" ind1="#" ind2="#">
      <subfield code="a">620.82 WIG e</subfield>
    </datafield>
    <datafield tag="100" ind1=" " ind2="#">
      <subfield code="a">Wignjosoebroto, Sritomo</subfield>
    </datafield>
    <datafield tag="245" ind1="1" ind2="#">
      <subfield code="a">Ergonomi, Studi Gerak dan Waktu :</subfield>
      <subfield code="b">Teknik Analisis untuk Peningkatan Produktivitas Kerja /</subfield>
      <subfield code="c">Sritomo Wignjosoebroto</subfield>
    </datafield>
    <datafield tag="250" ind1="#" ind2="#">
      <subfield code="a">Cetakan ke 3</subfield>
    </datafield>
    <datafield tag="260" ind1="#" ind2="#">
      <subfield code="a">Surabaya :</subfield>
      <subfield code="b">Guna Widya,</subfield>
      <subfield code="c">2003</subfield>
    </datafield>
    <datafield tag="300" ind1="#" ind2="#">
      <subfield code="a">xx, 346 halaman :</subfield>
      <subfield code="b">ilus ;</subfield>
      <subfield code="c">24 cm</subfield>
    </datafield>
    <datafield tag="650" ind1="#" ind2="4">
      <subfield code="a">Desain Antropometri, Ergonomika</subfield>
    </datafield>
    <datafield tag="520" ind1="#" ind2="#">
      <subfield code="a">Buku Ergonomi: Studi Gerak dan Waktu disusun sebagai pegangan bagi mereka yang ingin mempelajari problematika tentang kerja. Maksud dan tujuan pokok yang ingin dicapai adalah memberi pengetahuan dasar mengenai prinsip, konsep, maupun prosedur yang harus diketahui dalam upaya peningkatan efektivitas, efisiensi maupun produktivitas kerja.&#13;
&#13;
Buku ini akan membahas secara mendasar sekali permasalahan yang berkaitan dengan ergonomi yang terkait erat dengan kerja dalam hubungan sistem manusia mesin, perancangan tata cara (metode kerja) dan pengukuran kerja.&#13;
&#13;
Buku ini sengaja disusun secara sederhana guna memenuhi kebutuhan mahasiswa yang ingin mempelajari masalah ergonomi, tata cara dan pengukuran kerja. Tidak menutup kemungkinan juga bisa dimanfaatkan bagi para praktisi yang ingin lebih mendalami dan melancarkan problem Teknik Industri dan/atau Manajemen Industri.</subfield>
    </datafield>
    <datafield tag="990" ind1="#" ind2="#">
      <subfield code="a">03118079</subfield>
    </datafield>
    <datafield tag="990" ind1="#" ind2="#">
      <subfield code="a">03118081</subfield>
    </datafield>
  </record>
</collection>
